| 000 | 00874nam a2200277 i 4500 | ||
|---|---|---|---|
| 001 | 91843 | ||
| 003 | ES-MaACL | ||
| 005 | 20250829050157.0 | ||
| 007 | t| | ||
| 008 | 050223s2004 sp ||||1| spa d | ||
| 020 | _a84-206-2928-6 | ||
| 080 | _a316.32"19" | ||
| 080 | _a130.2"19" | ||
| 100 | 1 |
_aGiddens, Anthony. _956672 |
|
| 245 | 1 | 0 |
_aConsecuencias de la modernidad / _cAnthony Giddens ; versión de Ana Lizón Ramón. |
| 250 | _a1ª ed. en "Ensayo", 3ª reimp. | ||
| 260 |
_aMadrid : _bAlianza Editorial, _c2004. |
||
| 300 |
_a166 p. ; _c20 cm. |
||
| 490 | 1 |
_aEl libro universitario. Ensayo ; _v100 |
|
| 650 | 4 |
_aEstructura social. _9138146 |
|
| 650 | 7 |
_aPostmodernismo _2embne _916329 |
|
| 700 | 1 |
_aLizón Ramón, Ana. _972628 |
|
| 830 | 1 | 3 |
_aEl libro universitario (Alianza) _v100 _9179736 |
| 852 |
_aES-MaACL _jL-28896 |
||
| 999 |
_c91843 _d91843 |
||